LIBRARY & INFORMATION CENTRE, KCAET, TAVANUR

ONLINE PUBLIC ACCESS CATALOGUE (OPAC)

Sona aur khoon / (Record no. 3796)

MARC details
000 -LEADER
fixed length control field 00451cam a2200193ua 4500
041 ## - LANGUAGE CODE
Language code of text/sound track or separate title hin
082 ## - DEWEY DECIMAL CLASSIFICATION NUMBER
Classification number 891.54
Item number ACH/SO
100 ## - MAIN ENTRY--AUTHOR NAME
Personal name Acharya chatursen, .
245 ## - TITLE STATEMENT
Title Sona aur khoon /
250 ## - EDITION STATEMENT
Edition statement 1 /
260 ## - PUBLICATION, DISTRIBUTION, ETC. (IMPRINT)
Place of publication :
Name of publisher Rajpal and Sanch ,
Year of publication 1962.
300 ## - PHYSICAL DESCRIPTION
Number of Pages 317 ; .
942 ## - ADDED ENTRY ELEMENTS (KOHA)
Koha item type Books
Holdings
Withdrawn status Lost status Damaged status Home library Current library Date acquired Full call number Accession Number Koha item type Public note
Withdrawn     KAUAET KAUAET 07/04/2012 891.54 5774 Books Deleted
Withdrawn     KAUAET KAUAET 07/04/2012 891.54 5773 Books  
free website counter